ACCIDENTAL / (Record no. 203790)

MARC details
000 -LEADER
fixed length control field 01507nam a2200409 i 4500
003 - CONTROL NUMBER IDENTIFIER
control field OSt
005 - DATE AND TIME OF LATEST TRANSACTION
control field 20260409164348.0
008 - FIXED-LENGTH DATA ELEMENTS--GENERAL INFORMATION
fixed length control field 260409t20252024my a gr 000 0dmay d
020 ## - INTERNATIONAL STANDARD BOOK NUMBER
International Standard Book Number 9786294931039
Qualifying information paperback
Terms of availability RM 30.00
040 ## - CATALOGING SOURCE
Original cataloging agency PPAK
Language of cataloging eng
Transcribing agency PPAK
Description conventions rda
041 ## - LANGUAGE CODE
Language code of text/sound track or separate title malay
Language code of original english
082 04 - DEWEY DECIMAL CLASSIFICATION NUMBER
Classification number 509
Edition number 23
090 00 - LOCALLY ASSIGNED LC-TYPE CALL NUMBER (OCLC); LOCAL CALL NUMBER (RLIN)
Classification number (OCLC) (R) ; Classification number, CALL (RLIN) (NR) 509
Feature heading JAM
Feature heading G
100 1# - MAIN ENTRY--PERSONAL NAME
Personal name James, Tim,
Relator term author.
240 ## - UNIFORM TITLE
Uniform title Accidental.
Language of a work English
245 10 - TITLE STATEMENT
Title ACCIDENTAL /
Statement of responsibility, etc. TIM JAMES ; Penterjemah Nur Farhana Mohd Zaidi, Wan Nor Alisa binti Wan Abdullah, Fatimah Rodhiah Mohd Yusof ; Penyunting Nor Aniza Md Azeri
250 ## - EDITION STATEMENT
Edition statement EDISI BAHASA MELAYU
264 #1 - PRODUCTION, PUBLICATION, DISTRIBUTION, MANUFACTURE, AND COPYRIGHT NOTICE
Place of production, publication, distribution, manufacture Batu Caves, Selangor :
Name of producer, publisher, distributor, manufacturer PTS PUBLISHING HOUSE SENDIRIAN BERHAD,
Date of production, publication, distribution, manufacture, or copyright notice 2025
Date of production, publication, distribution, manufacture, or copyright notice ©2024
300 ## - PHYSICAL DESCRIPTION
Extent xvii, 221 pages :
Other physical details illustrations ;
Dimensions 23 cm
336 ## - CONTENT TYPE
Content type term text
Source rdacontent
Content type term still image
Source rdacontent
337 ## - MEDIA TYPE
Media type term unmediated
Source rdamedia
338 ## - CARRIER TYPE
Carrier type term volume
Source rdacarrier
500 ## - GENERAL NOTE
General note Translated from Accidental, English version.
504 ## - BIBLIOGRAPHY, ETC. NOTE
Bibliography, etc. note Includes bibliographical references.
546 ## - LANGUAGE NOTE
Language note Text in Malay translated from English.
650 10 - SUBJECT ADDED ENTRY--TOPICAL TERM
Topical term or geographic name entry element Discoveries in science
Topical term or geographic name entry element Science
General subdivision History
Topical term or geographic name entry element Research
700 0# - ADDED ENTRY--PERSONAL NAME
Personal name Nur Farhana Mohd Zaidi,
Relator term translator.
Personal name Wan Nor Alisa binti Wan Abdullah,
Relator term translator.
Personal name Fatimah Rodhiah Mohd Yusof,
Relator term translator.
Personal name Nor Aniza Md Azeri,
Relator term editor.
765 ## - ORIGINAL LANGUAGE ENTRY
Title Accidental
Main entry heading James, Tim
Place, publisher, and date of publication ©2024
942 ## - ADDED ENTRY ELEMENTS (KOHA)
Source of classification or shelving scheme Dewey Decimal Classification
Koha item type Book
Holdings
Withdrawn Not for loan Current library Shelving location Date acquired Total Checkouts Full call number Barcode Date last seen Koha item type
    Perpustakaan Alor Setar Pinjaman Dewasa 19/04/2026   509 JAM A01900859 19/04/2026 Book
    Perpustakaan Awam Sungai Petani Pinjaman Dewasa 19/04/2026   509 JAM A01900860 19/04/2026 Book
    Perpustakaan Baling Pinjaman Dewasa 19/04/2026   509 JAM A01900864 19/04/2026 Book
    Perpustakaan Bandar Baharu Pinjaman Dewasa 19/04/2026   509 JAM A01900865 19/04/2026 Book
    Perpustakaan Jitra Pinjaman Dewasa 19/04/2026   509 JAM A01900861 19/04/2026 Book
    Perpustakaan Kulim Pinjaman Dewasa 19/04/2026   509 JAM A01900863 19/04/2026 Book
    Perpustakaan Langkawi Pinjaman Dewasa 19/04/2026   509 JAM A01900862 19/04/2026 Book